| 000 | 00505nmm a2200169Ia 4500 | ||
|---|---|---|---|
| 008 | 251105s9999||||xx |||||||||||||||||und|| | ||
| 020 | _a8470307657 | ||
| 041 | _aspa | ||
| 100 | _aBenavente, Jacinto | ||
| 245 | 0 |
_aLa malquerida : _b Drama en tres actos y en prosa |
|
| 264 |
_a[Madrid, España] : _bBiblioteca Nueva, _c2002 |
||
| 300 | _a220 páginas | ||
| 490 | _aClásicos de Biblioteca Nueva | ||
| 650 | _aSpanish theater | ||
| 856 | _uhttps://public.digitaliapublishing.com/a/4656 | ||
| 942 | _cCF | ||
| 999 |
_c73179 _d73179 |
||